000 00564nam a22002057a 4500
003 BUBTL
008 221101b ||||| |||| 00| 0 eng d
020 _a9788185986074
082 _a823.3/ N1646g/ 1958
100 _94814
_aNarayan, R.K.
245 _aThe Guide/
_cR.K. Narayan
250 _a1st Edn
260 _aChennai:
_bIndian Thought Publications,
_cc1958
300 _a247 p.:
_c21 cm.
505 _aGuide, R.K. Narayan
650 0 _91994
_aEnglish Literature
856 _k0
_l0
_yDownload
942 _2ddc
_cBK
999 _c6774
_d6774